comparation between CP concentrate and home made on fattenning pig at Mrs soeurng sokkhy farm kandalsteong district kandal province ការប្រៀបធៀបចំណីសម្រេចរបស់ក្រុម​ហ៊ុនCPនិង​ចំណីផ្សំលើការលូតលាស់របស់ជ្រូកសាច់នៅកសិដ្ឋានអ្នកស្រី សឿន សុខឃី ស្រុកកណ្តាលស្ទឹង ខេត្តកណ្តាល (Record no. 18255)

000 -LEADER
fixed length control field 00834nam a22001337a 4500
040 ## - CATALOGING SOURCE
Transcribing agency RUA
082 ## - DEWEY DECIMAL CLASSIFICATION NUMBER
Classification number ANS CHH 2018 B648 Or.1
100 ## - MAIN ENTRY--AUTHOR NAME
Personal name CHHOEURN SOYTRY ឈឿន សូយទ្រី
245 ## - TITLE STATEMENT
Title comparation between CP concentrate and home made on fattenning pig at Mrs soeurng sokkhy farm kandalsteong district kandal province ការប្រៀបធៀបចំណីសម្រេចរបស់ក្រុម​ហ៊ុនCPនិង​ចំណីផ្សំលើការលូតលាស់របស់ជ្រូកសាច់នៅកសិដ្ឋានអ្នកស្រី សឿន សុខឃី ស្រុកកណ្តាលស្ទឹង ខេត្តកណ្តាល
260 ## - PUBLICATION, DISTRIBUTION, ETC. (IMPRINT)
Place of publication RUA
Name of publisher Phnom penh
Year of publication 2018
300 ## - PHYSICAL DESCRIPTION
Number of Pages xi;39p
Other physical details ill;
Dimensions 29cm
856 ## - ELECTRONIC LOCATION AND ACCESS
Uniform Resource Identifier CHHOEURN SOYTRY
942 ## - ADDED ENTRY ELEMENTS (KOHA)
Koha item type ANS
952 ## - LOCATION AND ITEM INFORMATION (KOHA)
Withdrawn status [LOCAL, KOHA] 0
952 ## - LOCATION AND ITEM INFORMATION (KOHA)
Withdrawn status [LOCAL, KOHA] 0
952 ## - LOCATION AND ITEM INFORMATION (KOHA)
Withdrawn status [LOCAL, KOHA] 0
952 ## - LOCATION AND ITEM INFORMATION (KOHA)
Withdrawn status [LOCAL, KOHA] 0
952 ## - LOCATION AND ITEM INFORMATION (KOHA)
Withdrawn status [LOCAL, KOHA] 0
952 ## - LOCATION AND ITEM INFORMATION (KOHA)
Withdrawn status [LOCAL, KOHA] 0
Holdings
Permanent Location Date acquired Koha item type Lost status Shelving location Barcode Current Location Full call number
Library Block B2019-10-01ANS B648A43883Library Block BANS CHH 2018 B648 Or.1
Library Block B2019-10-01ANS B648A42321Library Block BANS CHH 2018 B648 Or.2
Library Block B2019-10-01ANS B648A42246Library Block BANS CHH 2018 B648 Or.3
Library Block B2019-10-01ANS B648A43334Library Block BANS CHH 2018 B648 Or.4
Library Block B2019-10-01ANS B648A43898Library Block BANS CHH 2018 B648 Or.5
Library Block B2019-10-01ANS B648A44053Library Block BANS CHH 2018 B648 Or.6
មជ្ឈមណ្ឌលឯការនៃសាកលវិទ្យាល័យភូមិន្ទកសិកម្មចំការដូង

Powered by Koha